| 000 | 00363nam a2200145Ia 4500 | ||
|---|---|---|---|
| 008 | 240624s9999 xx 000 0 und d | ||
| 041 | _aeng | ||
| 082 | _a302.35 ROB | ||
| 100 | _aROBBINS STEPEN P | ||
| 245 | _aORGANIZATIONAL BEHAVIOR | ||
| 250 | _a(10th ed.) | ||
| 260 |
_c2004 _aNew Delhi _bPrentice-Hall |
||
| 300 | _axxviii, : 657 : p. : cm. ; 26 | ||
| 365 | _cRS | ||
| 999 |
_c196 _d196 |
||